| 000 | 00910nam a2200229 i 4500 | ||
|---|---|---|---|
| 001 | 145528 | ||
| 003 | ES-MaACL | ||
| 005 | 20250902131139.0 | ||
| 007 | t| | ||
| 008 | 071015s1951 ag ||||1| spa d | ||
| 100 | 1 |
_aVespucci, Amerigo. _9114224 |
|
| 245 | 1 | 0 |
_aAmérico Vespucio, el nuevo mundo _b: cartas relativas a sus viajes y descubrimientos / _ctextos en italiano, español e inglés ; estudio preliminar de Roberto Levillier. |
| 260 |
_aBuenos Aires : _bEditorial Nova, _c[1951] |
||
| 300 |
_a342 p. : _bil. ; _c23 cm. |
||
| 490 | 1 | _aBiblioteca americanista | |
| 651 | 4 |
_aAmérica- _xDescubrimientos y exploraciones- _xEspañoles. _9138324 |
|
| 651 |
_aAmérica española- _xDescripción- _vObras anteriores a 1800. _9172691 |
||
| 700 | 1 |
_aLevillier, Roberto, _d1886-1969 _971965 |
|
| 830 | 0 |
_aBiblioteca americanista _9220776 |
|
| 852 |
_aES-MaACL _jD-6776 _bR.31591 |
||
| 999 |
_c145528 _d145528 |
||